[Event "Krefeld op"]
[Site "Krefeld"]
[Date "2023.08.02"]
[Round "1"]
[White "Neukirchner, Pascal"]
[Black "Griesfeller, Sven"]
[Result "1-0"]
[WhiteElo "2279"]
[BlackElo "1612"]
[PlyCount "55"]
[EventDate "2023.08.02"]
[EventType "swiss"]
[EventRounds "9"]
[EventCountry "GER"]
[SourceTitle "CBM 215 Extra"]
[Source "ChessBase"]
[SourceDate "2023.09.30"]
[SourceVersion "1"]
[SourceVersionDate "2023.09.30"]
[SourceQuality "1"]

1. Nf3 d5 2. g3 Nf6 3. Bg2 c5 4. 0-0 Nc6 5. d4 cxd4 6. Nxd4 e5 7. Nxc6 bxc6 8. c4 h6 9. Nc3 Bb7 10. cxd5 cxd5 11. Qb3 Bc6 12. Rd1 Rb8 13. Qc2 Qd7 14. Ne4 Nxe4 15. Bxe4 Qe6 16. Bf5 Qf6 17. f4 exf4 18. Bxf4 Rxb2 19. Qc1 Rb5 20. Be5 Bc5+ 21. Qxc5 Rxc5 22. Bxf6 gxf6 23. Rac1 Rxc1 24. Rxc1 Bd7 25. Rb1 Ke7 26. Rb7 Rd8 27. Rxa7 Kd6 28. Rxd7+ 1-0

[Event "Heusenstamm Schloss op"]
[Site "Heusenstamm"]
[Date "2022.11.19"]
[Round "4"]
[White "Griesfeller, Sven"]
[Black "Kempe, Caius Emilian"]
[Result "0-1"]
[WhiteElo "1534"]
[BlackElo "2001"]
[PlyCount "34"]
[EventDate "2022.11.17"]
[EventType "swiss"]
[EventRounds "7"]
[EventCountry "GER"]
[SourceTitle "CBM 212 Extra"]
[Source "ChessBase"]
[SourceDate "2023.03.31"]
[SourceVersion "1"]
[SourceVersionDate "2023.03.31"]
[SourceQuality "1"]

1. e4 e6 2. d4 d5 3. e5 c5 4. c3 Bd7 5. Nf3 Qb6 6. Nbd2 Nc6 7. Nb3 cxd4 8. cxd4 Rc8 9. Be2 Nge7 10. 0-0 Nf5 11. Be3 Be7 12. Rc1 0-0 13. Nc5 Be8 14. Qd2 Ncxd4 15. Nxd4 Nxe3 16. Qxe3 Bxc5 17. Qc3 Bd7 0-1

[Event "Heusenstamm Schloss op"]
[Site "Heusenstamm"]
[Date "2022.11.18"]
[Round "2"]
[White "Griesfeller, Sven"]
[Black "Kolker, Vladislav"]
[Result "1-0"]
[WhiteElo "1534"]
[BlackElo "1898"]
[PlyCount "53"]
[EventDate "2022.11.17"]
[EventType "swiss"]
[EventRounds "7"]
[EventCountry "GER"]
[SourceTitle "CBM 212 Extra"]
[Source "ChessBase"]
[SourceDate "2023.03.31"]
[SourceVersion "1"]
[SourceVersionDate "2023.03.31"]
[SourceQuality "1"]

1. e4 e5 2. Nf3 Nc6 3. Bb5 f5 4. Nc3 fxe4 5. Nxe4 Nf6 6. Nxf6+ Qxf6 7. Qe2 d6 8. d4 Bg4 9. d5 a6 10. dxc6 axb5 11. cxb7 Rb8 12. Qxb5+ Bd7 13. Qa6 Be7 14. Be3 c5 15. 0-0-0 0-0 16. Bxc5 dxc5 17. Qxf6 gxf6 18. Rxd7 Rf7 19. Rhd1 Bf8 20. Rxf7 Kxf7 21. Rd7+ Be7 22. Nh4 Ke6 23. Rc7 Kd6 24. Rc8 Rxb7 25. Nf5+ Ke6 26. Nxe7 Rxe7 27. Rxc5 1-0

[Event "Main Vogelsberg op 16th"]
[Site "Waechtersbach"]
[Date "2022.10.03"]
[Round "7"]
[White "Griesfeller, Sven"]
[Black "Lambers, Gabriel"]
[Result "1-0"]
[WhiteElo "1737"]
[BlackElo "1567"]
[PlyCount "59"]
[EventDate "2022.09.30"]
[EventType "swiss"]
[EventRounds "7"]
[EventCountry "GER"]
[SourceTitle "CBM 210 Extra"]
[Source "ChessBase"]
[SourceDate "2022.11.30"]
[SourceVersion "1"]
[SourceVersionDate "2022.11.30"]
[SourceQuality "1"]

1. d4 d6 2. c4 e5 3. d5 f5 4. Nc3 Nf6 5. Nf3 Be7 6. g3 0-0 7. Bg2 a5 8. 0-0 Na6 9. a3 Nc5 10. Be3 b6 11. b4 axb4 12. axb4 Rxa1 13. Qxa1 Nce4 14. Nxe4 Nxe4 15. c5 bxc5 16. bxc5 Nxc5 17. Bxc5 dxc5 18. Nxe5 Bf6 19. f4 Qd6 20. Rc1 Re8 21. Qa4 Rxe5 22. fxe5 Qxe5 23. Qc4 Qe3+ 24. Kh1 Ba6 25. Qxc5 Bd4 26. Qxc7 h6 27. Qf4 Qa3 28. Rb1 Bc5 29. Qxf5 Bxe2 30. Qe6+ 1-0

[Event "Main Vogelsberg op 16th"]
[Site "Waechtersbach"]
[Date "2022.10.03"]
[Round "6"]
[White "Mohr, Markus"]
[Black "Griesfeller, Sven"]
[Result "1/2-1/2"]
[WhiteElo "1616"]
[BlackElo "1737"]
[PlyCount "45"]
[EventDate "2022.09.30"]
[EventType "swiss"]
[EventRounds "7"]
[EventCountry "GER"]
[SourceTitle "CBM 210 Extra"]
[Source "ChessBase"]
[SourceDate "2022.11.30"]
[SourceVersion "1"]
[SourceVersionDate "2022.11.30"]
[SourceQuality "1"]

1. e4 e5 2. f4 Bc5 3. Nf3 d6 4. Nc3 Nf6 5. Bc4 0-0 6. d3 a6 7. f5 h6 8. a4 Ng4 9. Qe2 c6 10. h3 Nf6 11. g4 d5 12. Bb3 dxe4 13. Nxe4 Nxe4 14. Qxe4 Qf6 15. Bd2 Ra7 16. Qxe5 Qxe5+ 17. Nxe5 Bd4 18. Bc3 Bxe5 19. Bxe5 Re8 20. d4 Nd7 21. Kf2 Nxe5 22. dxe5 Rxe5 23. Rhe1 1/2-1/2

[Event "Main Vogelsberg op 16th"]
[Site "Waechtersbach"]
[Date "2022.10.02"]
[Round "4"]
[White "Hermann, Gerhard"]
[Black "Griesfeller, Sven"]
[Result "0-1"]
[WhiteElo "1405"]
[BlackElo "1737"]
[PlyCount "120"]
[EventDate "2022.09.30"]
[EventType "swiss"]
[EventRounds "7"]
[EventCountry "GER"]
[SourceTitle "CBM 210 Extra"]
[Source "ChessBase"]
[SourceDate "2022.11.30"]
[SourceVersion "1"]
[SourceVersionDate "2022.11.30"]
[SourceQuality "1"]

1. e4 e5 2. d4 exd4 3. Qxd4 Nc6 4. Qe3 d6 5. Nc3 Nf6 6. h3 Be7 7. Bd2 0-0 8. a3 Re8 9. 0-0-0 Be6 10. f4 d5 11. exd5 Nxd5 12. Nxd5 Qxd5 13. c4 Qc5 14. Qxc5 Bxc5 15. Nf3 Rad8 16. g4 Nd4 17. Nxd4 Rxd4 18. b4 Bd6 19. c5 Bxf4 20. Bxf4 Rxf4 21. Bg2 c6 22. Rd2 a5 23. Rb2 axb4 24. axb4 Rd8 25. b5 Rc4+ 26. Rc2 Rxc2+ 27. Kxc2 Bd5 28. Bxd5 Rxd5 29. bxc6 bxc6 30. Kc3 Rxc5+ 31. Kd4 Rg5 32. Rc1 c5+ 33. Rxc5 Rxc5 34. Kxc5 h6 35. Kd5 Kh7 36. Ke5 Kg6 37. Kf4 Kf6 38. h4 Ke6 39. Ke4 g6 40. g5 h5 41. Kf4 Kd5 42. Ke3 Ke5 43. Kf3 Kf5 44. Kg3 Ke4 45. Kg2 Kf4 46. Kh3 Kf3 47. Kh2 Kg4 48. Kg2 Kxh4 49. Kh2 Kxg5 50. Kg3 h4+ 51. Kh3 Kf4 52. Kh2 g5 53. Kh3 Kf3 54. Kh2 h3 55. Kh1 h2 56. Kxh2 g4 57. Kg1 Kg3 58. Kh1 Kf2 59. Kh2 g3+ 60. Kh1 g2+ 0-1

[Event "Heusenstamm Sparkassen op-B 6th"]
[Site "Heusenstamm"]
[Date "2019.11.24"]
[Round "7"]
[White "Hahnenstein, Leon"]
[Black "Griesfeller, Sven"]
[Result "1/2-1/2"]
[WhiteElo "1449"]
[BlackElo "1518"]
[PlyCount "45"]
[EventDate "2019.11.21"]
[EventType "swiss"]
[EventRounds "7"]
[EventCountry "GER"]
[SourceTitle "CBM 194 Extra"]
[Source "ChessBase"]
[SourceDate "2020.03.31"]
[SourceVersion "1"]
[SourceVersionDate "2020.03.31"]
[SourceQuality "1"]

1. e4 Nf6 2. Nc3 e5 3. Nf3 Nc6 4. Bc4 d6 5. d3 Be7 6. h3 0-0 7. 0-0 Na5 8. Bb3 Nxb3 9. axb3 c6 10. Be3 a5 11. Qd2 Nd7 12. Ra2 f5 13. exf5 Rxf5 14. d4 d5 15. Raa1 e4 16. Nh2 Nf8 17. f3 exf3 18. Nxf3 Ng6 19. Ne2 Qc7 20. Bf2 Nf4 21. Nxf4 Qxf4 22. Qxf4 Rxf4 23. Rae1 1/2-1/2

[Event "Heusenstamm Sparkassen op-B 6th"]
[Site "Heusenstamm"]
[Date "2019.11.21"]
[Round "1"]
[White "Griesfeller, Sven"]
[Black "Richter, Johannes"]
[Result "1-0"]
[WhiteElo "1518"]
[BlackElo "1348"]
[PlyCount "31"]
[EventDate "2019.11.21"]
[EventType "swiss"]
[EventRounds "7"]
[EventCountry "GER"]
[SourceTitle "CBM 194 Extra"]
[Source "ChessBase"]
[SourceDate "2020.03.31"]
[SourceVersion "1"]
[SourceVersionDate "2020.03.31"]
[SourceQuality "1"]

1. d4 Nf6 2. c4 g6 3. Nc3 d5 4. e3 Bg7 5. Nf3 0-0 6. Bd3 e6 7. 0-0 Nbd7 8. b3 c5 9. Bb2 dxc4 10. bxc4 cxd4 11. exd4 b6 12. Nb5 a6 13. Nd6 Qc7 14. Ba3 Rd8 15. Ng5 Bf8 16. Ngxf7 1-0

[Event "Main Vogelsberg op 14th"]
[Site "Waechtersbach"]
[Date "2019.06.07"]
[Round "1"]
[White "Griesfeller, Sven"]
[Black "Merges, Harald"]
[Result "0-1"]
[WhiteElo "1483"]
[BlackElo "1776"]
[PlyCount "92"]
[EventDate "2019.06.07"]
[EventType "swiss"]
[EventRounds "7"]
[EventCountry "GER"]
[SourceTitle "CBM 190 Extra"]
[Source "ChessBase"]
[SourceDate "2019.07.15"]
[SourceVersion "1"]
[SourceVersionDate "2019.07.15"]
[SourceQuality "1"]

1. d4 Nf6 2. c4 e6 3. Nc3 d5 4. Nf3 c6 5. Bf4 Bd6 6. Bxd6 Qxd6 7. c5 Qc7 8. e3 a5 9. Bd3 b6 10. cxb6 Qxb6 11. Qd2 Na6 12. Na4 Qb4 13. Qxb4 Nxb4 14. Bb1 Nd7 15. a3 Na6 16. Bd3 Ke7 17. Rc1 Kd6 18. Ne5 Nxe5 19. dxe5+ Kxe5 20. Rxc6 Bd7 21. f4+ Kf6 22. Rxa6 Rxa6 23. Bxa6 Bxa4 24. Kd2 Rb8 25. Rb1 Bb3 26. Kc3 a4 27. Bd3 h5 28. g3 Ke7 29. Rc1 Kd6 30. Kd4 f6 31. Bg6 e5+ 32. fxe5+ fxe5+ 33. Kc3 h4 34. gxh4 e4 35. Kd4 Rf8 36. Rg1 Rf2 37. Be8 Rd2+ 38. Kc3 Rd3+ 39. Kb4 Rxe3 40. Rxg7 d4 41. h5 Rh3 42. h6 Rxh6 43. Rg6+ Rxg6 44. Bxg6 Ke5 45. h4 e3 46. Bd3 Bd1 0-1

[Event "Heusenstamm Sparkassen op-B 5th"]
[Site "Heusenstamm"]
[Date "2018.11.22"]
[Round "1"]
[White "Janssen, Norbert"]
[Black "Griesfeller, Sven"]
[Result "1/2-1/2"]
[WhiteElo "1647"]
[BlackElo "1332"]
[PlyCount "58"]
[EventDate "2018.11.22"]
[EventType "swiss"]
[EventRounds "7"]
[EventCountry "GER"]
[SourceTitle "CBM 187 Extra"]
[Source "ChessBase"]
[SourceDate "2018.11.04"]
[SourceVersion "1"]
[SourceVersionDate "2018.11.04"]
[SourceQuality "1"]

1. d4 Nf6 2. Bf4 d5 3. e3 e6 4. Nf3 Bd6 5. Bg3 0-0 6. Nbd2 b6 7. Bd3 Bb7 8. c3 Ne4 9. Qc2 f5 10. Ne5 Nxd2 11. Qxd2 Nd7 12. f4 Nxe5 13. fxe5 Be7 14. Qe2 c5 15. 0-0 a5 16. Rac1 c4 17. Bc2 b5 18. a3 b4 19. axb4 axb4 20. cxb4 Bxb4 21. Ra1 Qb6 22. Rfb1 Rxa1 23. Rxa1 Ra8 24. Rxa8+ Bxa8 25. Qd1 Bc6 26. Ba4 Bb5 27. Bxb5 Qxb5 28. Qe2 Qa4 29. Kf2 Be7 1/2-1/2